| 000 | 01004nam a2200253 a 4500 | ||
|---|---|---|---|
| 001 | 000024347 | ||
| 005 | 20200930022931.0 | ||
| 008 | 110126s1986 mx r 001 0 spa d | ||
| 020 | _a9684093594 | ||
| 040 |
_aDO-SdBNP _bspa _cBNPHU |
||
| 041 | 1 | 7 |
_aspa _heng _2Código de idiomas MARC |
| 082 |
_ann* _bnn* |
||
| 100 | 1 |
_aEaton Gunn, Chistopher. _949932 |
|
| 240 | 1 | 0 |
_aWorkers´self management in the united states. _lEspañol |
| 245 | 1 | 3 |
_aLa autoadministración obrera en los Estados Unidos / _cChistopher Eaton Gunn ; traducción Aurora Merino del Villar. |
| 260 |
_aMéxico, D. F. : _bEdamex, _c1986. |
||
| 300 |
_a317 p. ; _c21 cm. |
||
| 490 | 1 | _aLos libros hacen libres a los hombres | |
| 534 |
_aTítulo de la obra en inglés : _tWorkers´self management in the united states |
||
| 500 | _aIncluye referencias bibliográficas y notas al pie de las páginas. | ||
| 700 | 1 |
_aMerillo del Villar, Aurora, _etr. _949933 |
|
| 830 | 0 |
_aLos libros hacen libres a los hombres _947738 |
|
| 049 | _aBNGR | ||
| 999 |
_c23840 _d23840 |
||